00512nam a2200121Ia 4500008004100000245019900041260003500240260000900275300000800284500001900292650001300311856006600324170516s9999 xx 000 0 und d aEnhancement of dissolution rate and formulation development of irbesartan tablets by employing starch phosphate: A new modified starch Veeraiah Enturi, B. Yaminipurna Chowdary, K. P. R. Chowdary bAsian Journal of Pharmaceutics c2014 a8:3 aJuly-September xPharmacy uhttp://www.asiapharmaceutics.info/index.php/ajp/issue/view/49